paroles de tayc je me souviens de tout - Statistiques

Statistiques générales
  • Ce quiz a été pris 57 fois
  • Le résultat moyen est 290 sur 377
Statistiques - réponses
Réponse % Correct
m'
95%
T'
95%
t'
95%
92%
s'
92%
de
87%
De
87%
J'
87%
j'
87%
souviens
87%
Souviens
87%
tout
87%
tout,
87%
Tout
87%
Tu
87%
tu
87%
(tu
87%
À
84%
à
84%
c'
84%
est
84%
je
84%
Je
84%
me
84%
moi
84%
moi,
84%
n'
84%
nous?
84%
nous
84%
nous?)
84%
que
84%
que,
84%
te
84%
dis
82%
l'
82%
la
82%
le
82%
morning
82%
se
82%
ai
79%
dit,
79%
en
79%
ma
79%
toi
79%
toi,
79%
Two
79%
arrête
76%
"arrête,
76%
Et
76%
horaire,
76%
même
76%
mon
76%
o'clock
76%
on
76%
plus
76%
plus,
76%
Quand
76%
quand
76%
si
76%
avant
74%
Avant,
74%
croire
74%
déjà
74%
in
74%
Mais
74%
réveille,
74%
the
74%
veille,
74%
as
71%
endors
71%
étais
71%
était
71%
fait,
71%
fait
71%
fuseau
71%
Jusqu'à
71%
laisse
71%
mort"
71%
ne
71%
pour
71%
qui
71%
savait
71%
seule
71%
tellement
71%
trop
71%
encore
68%
est-ce
68%
Est-ce
68%
femme
68%
jamais
68%
J'sais
68%
l'on
68%
monde
68%
nos
68%
perdre
68%
qu'on
68%
rappelles?
68%
rappelles
68%
sens
68%
supplié
68%
sur
68%
ton
68%
ah
66%
avoir
66%
d'arrêter
66%
Dis-moi,
66%
Dis-moi
66%
Ils
66%
laissait
66%
mes
66%
oh
66%
Oh,
66%
ont
66%
refait
66%
Sans
66%
un
66%
vivre
66%
vois
66%
Yeah
66%
yeah,
66%
yeah
66%
brisé,
63%
chéri,
63%
démons
63%
dois
63%
elle,
63%
embrassait
63%
enfer
63%
Non,
63%
non,
63%
taire
63%
Tous
63%
bois
61%
bois)
61%
doivent
61%
donné
61%
n'se
61%
n't'
61%
réparer
61%
j'te
58%
pas
58%
pillave
58%
puis,
58%
n'suis
55%
n'vois
55%
arrêter
50%
Oui,
50%
peux
50%
ville
47%
four
42%
king
32%
ouais
21%
vas-y,
11%
(Détruis-moi,
5%
Aucun quiz correspondant
Distribution des résultats
% des personnes avec chaque résultat
Percentile par nombre de réponses
Votre historique - résultats
Vous n’avez pas pris ce quiz